000 00649nam a22001817a 4500
005 20251108165233.0
008 250721s1985 xx 000 0 ara d
082 1 4 _a956.032/إبر
100 1 _aبيضون، إبراهيم
245 1 0 _aتكون الإتجاهات السياسية في الإسلام الأول من دولة عمر إلى دولة عبد الملك /
264 1 _aبيروت :
_bدار إقرأ،
_c1985.
300 _a376ص
650 1 7 _aالتاريخ الإسلامي
650 1 7 _aالخلفاء الراشدون 632-661
650 1 7 _aخلافة عمر بن الخطاب 634-644
942 _2ddc
_cBK
999 _c22901
_d22901